Observatorio social /
Saved in:
| Other Authors: | |
|---|---|
| Format: | Journal |
| Language: | Spanish |
| Published: |
Buenos Aires :
[s.n.],
|
| Subjects: |
| LEADER | 00580cas#a2200217#a#4500 | ||
|---|---|---|---|
| 001 | 016069 | ||
| 005 | 20160923115210.0 | ||
| 008 | 990827c1999####ag####p#############spa#d | ||
| 040 | |a AR-beUNQ | ||
| 099 | |a P-AR-OBS1 | ||
| 245 | 0 | 0 | |a Observatorio social / |c Eduardo Amadeo. |
| 260 | |a Buenos Aires : |b [s.n.], | ||
| 300 | |a v. | ||
| 650 | 7 | |a EMPLEO |2 Spines | |
| 650 | 7 | |a Educación |2 Spines | |
| 650 | 7 | |a POBREZA |2 Spines | |
| 650 | 7 | |a Desarrollo económico |2 Spines | |
| 700 | 1 | |a Amadeo, Eduardo |e dir |4 drt | |
| 866 | 0 | |a 1999 (3); 2000 (6); 2002 (9-10) | |
| 929 | |j 26585 | ||
| 999 | |c 26721 |d 109527 | ||